<?xml version="1.0" encoding="UTF-8"?>
<record
    xmlns:xsi="http://www.w3.org/2001/XMLSchema-instance"
    xsi:schemaLocation="http://www.loc.gov/MARC21/slim http://www.loc.gov/standards/marcxml/schema/MARC21slim.xsd"
    xmlns="http://www.loc.gov/MARC21/slim">

  <leader>01675nam a2200313 a 4500</leader>
  <controlfield tag="003">DO-SdBNP</controlfield>
  <controlfield tag="005">20240318114956.0</controlfield>
  <controlfield tag="007">ta</controlfield>
  <controlfield tag="008">220506e1983    dr ad||fr|||| 001 0 spa d</controlfield>
  <datafield tag="040" ind1=" " ind2=" ">
    <subfield code="a">DO-SdBNP</subfield>
    <subfield code="b">spa</subfield>
    <subfield code="c">BNPHU</subfield>
  </datafield>
  <datafield tag="082" ind1=" " ind2="4">
    <subfield code="2">22</subfield>
    <subfield code="b">R1731p</subfield>
  </datafield>
  <datafield tag="100" ind1="1" ind2=" ">
    <subfield code="9">7129</subfield>
    <subfield code="a">Ram&#xED;rez, Nelson</subfield>
  </datafield>
  <datafield tag="245" ind1="1" ind2="0">
    <subfield code="a">Poblaci&#xF3;n y mano de obra en la Rep&#xFA;blica Dominicana : </subfield>
    <subfield code="b">perspectivas de la fuerza de trabajo y del empleo-desempleo en el per&#xED;odo 1980-1990 /</subfield>
    <subfield code="c">Nelson Ram&#xED;rez, Antonio Tatis, Diana Germ&#xE1;n; Editor, Denis Mota alvarez</subfield>
  </datafield>
  <datafield tag="260" ind1=" " ind2=" ">
    <subfield code="a">Santo Domingo :</subfield>
    <subfield code="b">PROFAMILIA, </subfield>
    <subfield code="c">1983</subfield>
  </datafield>
  <datafield tag="300" ind1=" " ind2=" ">
    <subfield code="a">x, 104 p. :</subfield>
    <subfield code="b">il., gr&#xE1;f.</subfield>
    <subfield code="c">28 cm.</subfield>
  </datafield>
  <datafield tag="500" ind1=" " ind2=" ">
    <subfield code="a">Incluye bibliograf&#xED;a y notas al pi&#xE9; de p&#xE1;ginas.</subfield>
  </datafield>
  <datafield tag="504" ind1=" " ind2=" ">
    <subfield code="a">Bibliograf&#xED;a: p. 35- 36</subfield>
  </datafield>
  <datafield tag="505" ind1="0" ind2=" ">
    <subfield code="a">Introducci&#xF3;n.--</subfield>
    <subfield code="t">I. Descripci&#xF3;n de las principales caracter&#xED;sticas de la fuerza de trabajo en el per&#xED;odo 1960 - 1980.--</subfield>
    <subfield code="t">II. Proyecci&#xF3;n de la oferta de mano de obra, 1980 - 1990.-- </subfield>
    <subfield code="t">III. Proyecci&#xF3;n de la demanda de mano de obra, 1980- 1990.--</subfield>
    <subfield code="t">IV. Conclusi&#xF3;n: implicaciones de los requerimientos y disponibilidades proyectados de mano de obra.--</subfield>
    <subfield code="t">Bibliograf&#xED;a.--</subfield>
    <subfield code="t">Anexo. Tablas y Gr&#xE1;ficos.</subfield>
  </datafield>
  <datafield tag="590" ind1=" " ind2=" ">
    <subfield code="a">Inventariado 2022 / MF</subfield>
  </datafield>
  <datafield tag="650" ind1=" " ind2="4">
    <subfield code="9">38792</subfield>
    <subfield code="a">Rep&#xFA;blica Dominicana</subfield>
    <subfield code="x">Proyecci&#xF3;n de poblaci&#xF3;n</subfield>
  </datafield>
  <datafield tag="650" ind1=" " ind2="4">
    <subfield code="9">20484</subfield>
    <subfield code="a">Crecimiento de Empleo</subfield>
    <subfield code="z">Rep&#xFA;blica Dominicana</subfield>
  </datafield>
  <datafield tag="650" ind1=" " ind2="4">
    <subfield code="9">77120</subfield>
    <subfield code="a">Mano de Obra</subfield>
    <subfield code="x">Proyecciones</subfield>
    <subfield code="z">Rep&#xFA;blica Dominicana</subfield>
  </datafield>
  <datafield tag="650" ind1=" " ind2="4">
    <subfield code="9">49076</subfield>
    <subfield code="a">Oferta y demanda</subfield>
    <subfield code="v">Mano de obra</subfield>
    <subfield code="y">1980- 1990</subfield>
  </datafield>
  <datafield tag="700" ind1="1" ind2=" ">
    <subfield code="9">9667</subfield>
    <subfield code="a">Tatis, Antonio</subfield>
  </datafield>
  <datafield tag="700" ind1="1" ind2=" ">
    <subfield code="a">Germ&#xE1;n, Diana</subfield>
    <subfield code="9">81561</subfield>
  </datafield>
  <datafield tag="710" ind1="2" ind2=" ">
    <subfield code="a">Instituto de Estudios de Poblaci&#xF3;n y Desarrollo (Rep&#xFA;blica Dominicana)</subfield>
    <subfield code="9">70393</subfield>
  </datafield>
  <datafield tag="910" ind1=" " ind2=" ">
    <subfield code="a">MFeliz</subfield>
  </datafield>
  <datafield tag="942" ind1=" " ind2=" ">
    <subfield code="2">ddc</subfield>
    <subfield code="c">LBS1</subfield>
  </datafield>
  <datafield tag="952" ind1=" " ind2=" ">
    <subfield code="0">0</subfield>
    <subfield code="1">0</subfield>
    <subfield code="2">ddc</subfield>
    <subfield code="5">1</subfield>
    <subfield code="7">0</subfield>
    <subfield code="8">PD</subfield>
    <subfield code="a">BNPHU</subfield>
    <subfield code="b">BNPHU</subfield>
    <subfield code="c">HD</subfield>
    <subfield code="d">2018-07-06</subfield>
    <subfield code="e">Donado por CERTV</subfield>
    <subfield code="l">0</subfield>
    <subfield code="o">R1731p</subfield>
    <subfield code="p">2022-1833</subfield>
    <subfield code="r">2022-05-06</subfield>
    <subfield code="w">2022-05-06</subfield>
    <subfield code="y">LBS1</subfield>
  </datafield>
  <datafield tag="999" ind1=" " ind2=" ">
    <subfield code="c">51653</subfield>
    <subfield code="d">51653</subfield>
  </datafield>
</record>
